000 00304nam a2200121 a 4500
005 20140414132039.0
008 110322s19uu xx 00 eng d
050 _aTR
_bT72 2002
100 _aDepaola, Tomie
245 _aT-Rex is missing.
260 _aNew York :
_bScholastic ,
_c2002.
999 _c113799
_d113799